Get the Picture: Poirot or Holmes? Quiz Stats

 Plays Quiz Updated Mar 30, 2019

Score 0/16 Timer 02:00
0 Plays Today
Question Answer Wrong Answers
The Hound of the Baskervilles Sherlock Holmes
93.7%
Hercule Poirot
3.8%
Death on the Nile Hercule Poirot
89.3%
Sherlock Holmes
7.8%
Murder in Mesopotamia Hercule Poirot
83.6%
Sherlock Holmes
13.9%
Five Little Pigs Hercule Poirot
80.1%
Sherlock Holmes
17.2%
The Sign of the Four Sherlock Holmes
79.6%
Hercule Poirot
17.8%
The A.B.C. Murders Hercule Poirot
78.1%
Sherlock Holmes
19.5%
Sad Cypress Hercule Poirot
75.8%
Sherlock Holmes
21.6%
The Man with the Twisted Lip Sherlock Holmes
75.5%
Hercule Poirot
21.8%
Appointment with Death Hercule Poirot
74%
Sherlock Holmes
23.2%
The Adventure of Silver Blaze Sherlock Holmes
73.4%
Hercule Poirot
23.9%
The Murder of Roger Ackroyd Hercule Poirot
73%
Sherlock Holmes
24.4%
A Scandal in Bohemia Sherlock Holmes
71.9%
Hercule Poirot
25.6%
His Last Bow Sherlock Holmes
71.9%
Hercule Poirot
25.5%
The Adventure of the Dying Detective Sherlock Holmes
71.3%
Hercule Poirot
25.8%
The Mysterious Affair at Styles Hercule Poirot
69.9%
Sherlock Holmes
27.4%
The Valley of Fear Sherlock Holmes
68.8%
Hercule Poirot
28.4%

Today's Daily Dose

Missing Word
#1 Hits of 2016

Get the Picture
Avengers Quotes

You're not logged in!

Compare scores with friends on all Sporcle quizzes.
OR
Log In

Show Comments

Extras

Top Quizzes Today


Score Distribution

Your Account Isn't Verified!

In order to create a playlist on Sporcle, you need to verify the email address you used during registration. Go to your Sporcle Settings to finish the process.

Report this User

Report this user for behavior that violates our Community Guidelines.

Details: